| 000 | 00505nam a22001937a 4500 | ||
|---|---|---|---|
| 003 | NUST-PNEC | ||
| 005 | 20170116180823.0 | ||
| 008 | 140331b xxu||||| |||| 00| 0 eng d | ||
| 020 | _a- | ||
| 040 | _cPNEC | ||
| 082 | _a515.5 YUS | ||
| 100 |
_99 _aYusuf S.M |
||
| 245 |
_aCalculus with Analytic Geometry _cS. M. Yusuf, Muhammad Amin |
||
| 250 | _a7th ed. | ||
| 260 |
_aLahore _bIlmi Kitab Khana _cc.2002 |
||
| 300 |
_a529 p. _bill: _c23 cm |
||
| 650 |
_xME _94229 _aCalculus, Geometry |
||
| 942 |
_2ddc _cBK |
||
| 999 |
_c63807 _d63807 |
||